A Capital Typing Challenge Quiz Stats

Quiz Updated Jan 8, 2016

Challenge
Share
Tweet
Embed
Score 0/46 Timer 01:00
0 Plays Today
Capital Typed Capital % Correct
????
100%
????
99.3%
????
98.7%
????
98.3%
????
97.7%
????
97.3%
????
97%
????
96.7%
????
96.4%
????
96%
????
95.7%
????
95.3%
????
94.8%
????
94.3%
????
93.8%
????
93.1%
????
92.4%
????
91.3%
????
89.9%
????
88.6%
????
87.2%
????
85%
????
82.9%
Capital Typed Capital % Correct
????
80.4%
????
77.9%
????
74.6%
????
69.8%
????
66.1%
????
62.5%
????
58.2%
????
53.3%
????
47.6%
????
42.4%
????
37.4%
????
32.3%
????
27.7%
????
23.2%
????
19.7%
????
16.2%
????
12.9%
????
10.1%
????
7.6%
????
5.7%
????
4%
????
2.5%
????
1.3%

You're not logged in!

Compare scores with friends on all Sporcle quizzes.
Join for Free
OR
Log In

You Might Also Like...

Show Comments

Extras

Top Quizzes Today


Score Distribution

Your Account Isn't Verified!

In order to create a playlist on Sporcle, you need to verify the email address you used during registration. Go to your Sporcle Settings to finish the process.

Report this User

Report this user for behavior that violates our Community Guidelines.

Details: